00438nam a2200133Ia 4500008004100000041000800041082001500049100002800064245009800092260007600190300001100266365000700277650002000284210719s2005 xx 000 0 und d aeng a658.8 ASHD aASHRAF (M Abdul Rahman) aDecline of sales of Tiles in Mangalore with reference to m/s Common Wealth Trust (India) Ltd. aMangalorebDepartment of Business Management St Aloysius Collegec2005 a41bHB cRs aProject Reports